000 00827nam a2200253Ia 4500
003 OSt
005 20220927105209.0
006 a|||||r|||| 00| 0
007 ta
008 220926b |||||||| |||| 00| 0 eng d
024 _a184708
037 _cReference Collections
040 _aRTL
_cRTL
_beng
041 _2eng
_aeng
082 _a"X71:8F.2.N90<N89r, N/GD"
110 _a"INDIA, COMMUNICATIONS (Ministry of-)"
_9370845
245 0 _aPublic accounts committee 1989-90
_b Hundred and Seventy-first report.
260 _aNew
_bDelhi Lok Sabha secretariat
_c1990
300 _a"v,14p."
_ccm.
500 _aAppendix :11-14p.
700 _a"INDIA, COMMUNICATIONS (Ministry of-)"
_9370846
942 _h"X71:8F.2.N90<N89r, N/GD"
_cCC
999 _c691117
_d691117